Experimental food chemistry / (Record no. 11348)
[ view plain ]
| 000 -LEADER | |
|---|---|
| fixed length control field | 00400cam a2200157ua 4500 |
| 020 ## - INTERNATIONAL STANDARD BOOK NUMBER | |
| ISBN | 0-87055-343-7 |
| 041 ## - LANGUAGE CODE | |
| Language code of text/sound track or separate title | eng |
| 082 ## - DEWEY DECIMAL CLASSIFICATION NUMBER | |
| Classification number | 664.002 |
| Item number | MON/EX |
| 100 ## - MAIN ENTRY--AUTHOR NAME | |
| Personal name | Mondy, N I . |
| 245 ## - TITLE STATEMENT | |
| Title | Experimental food chemistry / |
| 260 ## - PUBLICATION, DISTRIBUTION, ETC. (IMPRINT) | |
| Place of publication | Connecticut : |
| Name of publisher | A V I Publishing company , |
| Year of publication | 2005. |
| 300 ## - PHYSICAL DESCRIPTION | |
| Number of Pages | 269 ; . |
| 942 ## - ADDED ENTRY ELEMENTS (KOHA) | |
| Koha item type | Books |
| Withdrawn status | Lost status | Damaged status | Home library | Current library | Date acquired | Full call number | Accession Number | Koha item type |
|---|---|---|---|---|---|---|---|---|
| KAUAET | KAUAET | 31/03/1987 | 664.002 | 16341 | Books |
